ZTM Gdańsk - 155 - Statystyki

Ogólne statystyki
  • Ten quiz został rozwiązany 19 razy
  • Średni wynik to 14 z 18
Statystyki odpowiedzi
Ulica Przystanek % Poprawnych
Andersa Jasień PKM
100%
Kartuska Pólnicy
100%
Świętokrzyska Łostowice Świętokrzyska
90%
Świętokrzyska Orląt Lwowskich
90%
Jabłoniowa Przywidzka
90%
Guderskiego Elfów
80%
Andersa Jasieńska
80%
Leszczynowa Jaworowa
80%
Leszczynowa Jeziorowa
80%
Świętokrzyska Niepołomicka
80%
Jabłoniowa Szadółki
80%
Świętokrzyska Wieżycka
80%
Kartuska Źródlana
80%
Nowa Myśliwska Gronostajowa
70%
Guderskiego Osiedle Świętokrzyskie
70%
Guderskiego Rębowo
70%
Przywidzka Czermińskiego
60%
Guderskiego Baśniowa
50%
Nie znaleziono quizów pasujących do podanych kryteriów
Rozkład punktacji
Procent ludzi z każdym wynikiem
Percentyl według liczby udzielonych odpowiedzi
Twoja historia wyników
Nie rozwiązałeś tego quizu